000 00485nam a2200145 a 4500
008 120416s1966 ||||||||||||||||| || u
020 _a0719500486
050 _aQC 23 Ash
100 _aAshhurst, W
245 1 0 _aIntroduction to physics
260 _aLondon
_bJohn Murray
_c1966
300 _a(6), 404p. : ill
350 _a0.00
995 _D0.00
_FCBU-MAIN LIBRARY (Kitwe)
_H1
_I1.75
_M1
_UAVAILABLE
_ZMain Library Open Access Collection
999 _c47935
_d47935